Charlotte, Raleigh, or Winston-Salem? - Statistics

General Stats
  • This quiz has been taken 32 times
  • The average score is 17 of 20
Answer Stats
Question Answer % Correct
Is the capital of North Carolina Raleigh
100%
Has the Bank of America headquarters Charlotte
96%
Has the highest population by city proper Charlotte
96%
Borders another U.S. state Charlotte
92%
Goes by the nickname "Queen City" Charlotte
92%
Hosts the North Carolina State Fair Raleigh
92%
Is one of the three "Piedmont Triad" cities Winston-Salem
92%
Is served by Douglas International Airport Charlotte
88%
Is located in the Research Triangle Raleigh
85%
Is where Krispy Kreme was founded Winston-Salem
85%
Is the furthest north Winston-Salem
85%
Has suburbs like Concord and Mooresville Charlotte
81%
Is the county seat of Wake County Raleigh
81%
Is home to Wake Forest University Winston-Salem
81%
Has an NHL hockey team Raleigh
77%
Grew thanks to the R.J. Reynolds Tobacco Company Winston-Salem
77%
Contains half of the Carowinds amusement park Charlotte
73%
Is the birthplace of President Andrew Johnson Raleigh
69%
Has William B. Umstead State Park Raleigh
62%
Is where Stephen Curry grew up Charlotte
58%
No matching quizzes found
Score Distribution
Percent of People with Each Score
Percentile by Number Answered
Your Score History
You have not taken this quiz